Multiple Choice Movie Slideshow Quiz Stats

 Plays Quiz Updated Jun 11, 2015

Challenge
Share
Tweet
Score 0/20 Timer 06:00
11 Plays Today
% Correct
Belle is 2
91.5%
Jon Stewart is 4
91.4%
The Rocky Horror Picture Show is 4
90.8%
Reservoir Dogs is 4
88%
Dame Helen Mirren is 3
82.2%
Hooch is 2
76%
Columbia is 4
73.9%
Tatooine is 3
73.8%
Michael Myers is 4
72.2%
Edgar Wright is 2
65.5%
% Correct
The Palme d'Or awarded at the Cannes Film Festival is 4
65.2%
Bill Nighy is 1
63.9%
Brian Fantana is 3
62.8%
Spirited Away is 3
61.5%
Serenity is 2
54.8%
Buster Keaton is 2
54.7%
King Henry V is 2
50.7%
Vesper Lynd is 1
45.2%
Hans Zimmer is 3
31.1%
Kung Fu Hustle is 1
28.8%

You're not logged in!

Compare scores with friends on all Sporcle quizzes.
Join for Free
OR
Log In

You Might Also Like...

Show Comments

Extras

Top Quizzes Today


Score Distribution

Your Account Isn't Verified!

In order to create a playlist on Sporcle, you need to verify the email address you used during registration. Go to your Sporcle Settings to finish the process.

Report this User

Report this user for behavior that violates our Community Guidelines.

Details: